Guerre froide - St Marc - Statistiques

Statistiques générales
  • Ce quiz a été pris 21 fois
  • Le résultat moyen est 14 sur 74
Statistiques - réponses
Hint Réponse % Correct
Bombe A par les USA. (année) 1945
87%
Bombe A par l’URSS. (année) 1949
80%
Bombe A par la France. (année) 1960
67%
Début de la dissuasion nucléaire américaine. (année) 1948
60%
Chute du mur de Berlin, souvent considérée comme la fin de la Guerre froide. (année) 1989
60%
Chute de l’URSS, date réelle de la fin de la Guerre froide. (année) 1990
60%
Bombe A par le Royaume-Uni. (année) 1952
53%
Bombe A par la Chine. (année) 1964
53%
Traité SALT 1 (Strategic Arms Limitation Talks). (année) 1972
53%
JO de Moscou, boycott des USA. (année) 1980
53%
Début de la dissuasion nucléaire soviétique. (année) 1951
47%
Youri Gagarine, premier vol humain dans l’espace. (année) 1961
47%
Accords SALT I entre USA et URSS (limitation des armes stratégiques). (année) 1972
47%
Fin du blocus, proclamation de la RFA (23 mai 1949). (mois année) Mai 1949
40%
Début de la Guerre froide (doctrine Truman). (jour mois année) 12 mars 1947
33%
Spoutnik 1, premier satellite artificiel. (année) 1957
33%
Bombe A par l’Inde. (année) 1974
33%
Premier vol commun USA/URSS (Apollo-Soyouz). (année) 1975
33%
Premiers hommes sur la Lune. (jour mois année) 21 juillet 1969
33%
Publication de Le Grand Schisme par Raymond Aron, où il qualifie la Guerre froide comme une “guerre improbable, paix impossible”. (année) 1948
27%
Les USA possèdent 1 000 bombardiers B-52. (année) 1955
27%
Missiles balistiques de moyenne portée (MRBM). (année) 1956
27%
JO de Munich, prise d’otages israélienne, finale de basket tendue (URSS-USA). (année) 1972
27%
JO de Montréal, boycott africain. (année) 1976
27%
Traité d’amitié entre l’URSS et la Chine communiste. (jour mois année) 14 février 1950
20%
Missiles intercontinentaux (ICBM) et premier SNLE (Sous-marin Nucléaire Lanceur d’Engins) par les USA. (année) 1957
20%
Mission Apollo-Soyouz, première mission spatiale conjointe USA/URSS. (mois année) Juillet 1975
20%
Discours de Truman au Congrès, annonce la politique d’endiguement (containment). (jour mois année) 12 mars 1947
13%
Premiers Jeux olympiques (JO) de Londres après la guerre. (année) 1948
13%
JO d’Helsinki, entrée de l’URSS dans la compétition. (année) 1952
13%
Premier satellite américain. (année) 1958
13%
Quasi-parité dans les missiles intercontinentaux. (année) 1968
13%
Diplomatie du ping-pong entre USA et Chine. (année) 1971
13%
Proclamation de la République populaire de Chine par Mao Zedong. (jour mois année) 1er octobre 1949
13%
Accords de Genève, fin de la guerre d’Indochine. (jour mois année) 21 juillet 1954
13%
Premiers hommes sur la Lune (Apollo 11). (jour mois année) 21 juillet 1969
13%
Début du blocus de Berlin par l’URSS. (jour mois année) 24 juin 1948
13%
Dissolution de l’URSS, fin officielle de la Guerre froide. (jour mois année) 26 décembre 1991
13%
Discours de Fulton par Churchill ("rideau de fer"). (jour mois année) 5 mars 1946
13%
20ᵉ congrès du PCUS, Khrouchtchev initie la déstalinisation. (mois année) Février 1956
13%
Armistice de Panmunjeom, fin théorique de la guerre de Corée. (mois année) Juillet 1953
13%
Demi-finale de water-polo tendue entre Hongrie et URSS. (année) 1956
7%
Premières images satellites. (année) 1959
7%
Création du Mouvement contre l’armement atomique (MCAA). (année) 1963
7%
Mirvage : plusieurs ogives sur un même missile. (année) 1969
7%
Vote en Suède pour l’arrêt du nucléaire. (année) 1979
7%
Apogée de la production d’armes nucléaires, suivi d'une baisse. (année) 1986
7%
Coup de Prague en Tchécoslovaquie. (jour mois année) 25 février 1948
7%
Conférence de Yalta. (jour-jour mois année) 4-11 février 1945
7%
Traité de l’Atlantique Nord, création de l’OTAN. (jour mois année) 4 avril 1949
7%
Création de la RDA. (jour mois année) 7 octobre 1949
7%
Chute du mur de Berlin. (jour-jour mois année) 9-10 novembre 1989
7%
Conférence de Potsdam. (mois-mois année) Juillet-août 1945
7%
Insurrection en Hongrie, réprimée par l’URSS. (mois année) Octobre 1956
7%
Traité d’amitié entre l’URSS et le Guomindang en Chine. (jour mois année) 15 août 1945
0%
Traité d’État autrichien (neutralité de l’Autriche). (jour mois année) 15 mai 1955
0%
Cessez-le-feu en Grèce après la guerre civile. (jour mois année) 16 octobre 1949
0%
Sommet de Genève entre USA, URSS, FR, UK. (jour mois année) 18 juillet 1955
0%
Publication de l’appel de Stockholm contre l’armement nucléaire. (jour mois année) 18 mars 1950
0%
Marche d’Aldermaston au Royaume-Uni. (année) 1958
0%
Début de la guerre de Corée (Nord attaque le Sud). (jour mois année) 25 juin 1950
0%
Rassemblement contre la force de frappe, 120 000 personnes au parc des Sceaux. (jour mois année) 26 avril 1964
0%
Catastrophe de Tchernobyl. (jour mois année) 26 avril 1986
0%
Tchernobyl, information transmise par la radio. (jour mois année) 26 avril 1986
0%
Catastrophe de Tchernobyl, renforçant la nécessité de changements en URSS. (jour mois année) 26 avril 1986
0%
Discours de Kennedy à Berlin : "Ich bin ein Berliner". (jour mois année) 26 juin 1963
0%
Explosion de la navette Challenger. (jour mois année) 28 janvier 1986
0%
Signature du Plan Marshall par 16 pays. (jour mois année) 3 avril 1948
0%
Création du Kominform. (jour mois année) 5 octobre 1947
0%
Création de la CEI (Communauté des États indépendants). (jour mois année) 8 décembre 1991
0%
Première manifestation contre le nucléaire civil à Fessenheim. (mois année) Avril 1971
0%
"Appel des 400", scientifiques opposés au nucléaire en France. (mois année) Février 1975
0%
Comecon (Conseil d’aide économique mutuelle). (mois année) Janvier 1949
0%
Laïka, premier être vivant dans l’espace. (mois année) Novembre 1957
0%
Aucun quiz correspondant
Distribution des résultats
% des personnes avec chaque résultat
Percentile par nombre de réponses
Votre historique - résultats
Vous n’avez pas pris ce quiz